Welcome to CU Library Online Public Access Catalogue (OPAC)

Superhouse / (Record no. 8334)

MARC details
000 -LEADER
fixed length control field 01147cam a22003495i 4500
001 - CONTROL NUMBER
control field 2315011
005 - DATE AND TIME OF LATEST TRANSACTION
control field 20251122142529.0
008 - FIXED-LENGTH DATA ELEMENTS--GENERAL INFORMATION
fixed length control field 811006t19811981vtua 001 0 eng
020 ## - INTERNATIONAL STANDARD BOOK NUMBER
International Standard Book Number 0882662589
Qualifying information (pbk.)
020 ## - INTERNATIONAL STANDARD BOOK NUMBER
International Standard Book Number 9780882662589
Qualifying information (pbk.)
050 ## - LIBRARY OF CONGRESS CALL NUMBER
Classification number TH7414
Item number .M47
082 04 - DEWEY DECIMAL CLASSIFICATION NUMBER
Classification number 690/.869
Edition information 19
100 1# - MAIN ENTRY--PERSONAL NAME
Personal name Metz, Don,
Dates associated with a name 1940-
245 10 - TITLE STATEMENT
Title Superhouse /
Statement of responsibility, etc. Don Metz.
260 ## - PUBLICATION, DISTRIBUTION, ETC.
Place of publication, distribution, etc. Charlotte, Vermont
Name of publisher, distributor, etc. Garden Way Publishing
Date of publication, distribution, etc. 1981
300 ## - PHYSICAL DESCRIPTION
Extent 150 pages :
Other physical details illustrations ;
Dimensions 28 cm
500 ## - GENERAL NOTE
General note Includes index.
650 #0 - SUBJECT ADDED ENTRY--TOPICAL TERM
Topical term or geographic name entry element Solar houses.
650 #0 - SUBJECT ADDED ENTRY--TOPICAL TERM
Topical term or geographic name entry element Solar energy
General subdivision Passive systems.
650 #0 - SUBJECT ADDED ENTRY--TOPICAL TERM
Topical term or geographic name entry element Dwellings
General subdivision Energy conservation.
650 #6 - SUBJECT ADDED ENTRY--TOPICAL TERM
Topical term or geographic name entry element Maisons solaires.
650 #6 - SUBJECT ADDED ENTRY--TOPICAL TERM
Topical term or geographic name entry element Énergie solaire
General subdivision Systèmes passifs.
650 #6 - SUBJECT ADDED ENTRY--TOPICAL TERM
Topical term or geographic name entry element Habitations
General subdivision Consommation.
650 #6 - SUBJECT ADDED ENTRY--TOPICAL TERM
Topical term or geographic name entry element Habitations
General subdivision Économies d'énergie.
650 #7 - SUBJECT ADDED ENTRY--TOPICAL TERM
Topical term or geographic name entry element solar houses.
Source of heading or term aat
650 #7 - SUBJECT ADDED ENTRY--TOPICAL TERM
Topical term or geographic name entry element Dwellings
General subdivision Energy conservation.
Source of heading or term fast
Authority record control number or standard number (OCoLC)fst00900017
650 #7 - SUBJECT ADDED ENTRY--TOPICAL TERM
Topical term or geographic name entry element Solar energy
General subdivision Passive systems.
Source of heading or term fast
Authority record control number or standard number (OCoLC)fst01125016
650 #7 - SUBJECT ADDED ENTRY--TOPICAL TERM
Topical term or geographic name entry element Solar houses.
Source of heading or term fast
Authority record control number or standard number (OCoLC)fst01125112
650 17 - SUBJECT ADDED ENTRY--TOPICAL TERM
Topical term or geographic name entry element Zonne-energie.
Source of heading or term gtt
650 17 - SUBJECT ADDED ENTRY--TOPICAL TERM
Topical term or geographic name entry element Woningen.
Source of heading or term gtt
942 ## - ADDED ENTRY ELEMENTS (KOHA)
Source of classification or shelving scheme Library of Congress Classification
Koha item type Books
Suppress in OPAC No
999 ## -
-- 8334
-- 8334
Holdings
Withdrawn status Lost status Source of classification or shelving scheme Damaged status Not for loan Collection Home library Current library Shelving location Date acquired Total checkouts Full call number Barcode Date last seen Copy number Price effective from Koha item type
    Library of Congress Classification     Non-fiction Science Library (Miotso) Science Library (Miotso) General stacks 11/22/2025   TH7414 .M47 MET SLM00005997 11/22/2025 1 11/22/2025 Books
© 2023-2024 Copyright: Central University Libraries. All Rights Reserved | Created by: Mahone Tech Office